[Event "13th EICC"]
[Site "Plovdiv BUL"]
[Date "2012.03.28"]
[Round "8.87"]
[White "Sharafiev, Azat"]
[Black "Popov, Ivan RUS"]
[Result "1/2-1/2"]
[WhiteTitle "IM"]
[BlackTitle "GM"]
[WhiteElo "2433"]
[BlackElo "2605"]
[WhiteFideId "4186214"]
[BlackFideId "4170350"]
[EventDate "2012.03.20"]
[EventType "swiss"]

1. d4 d5 2. c4 c6 3. Nf3 Nf6 4. e3 e6 5. b3 Bb4+ 6. Nbd2 Ne4 7. a3 Bd6 8. Bd3 f5
9. Bb2 Nd7 10. b4 Qf6 11. b5 cxb5 12. cxd5 exd5 13. Bxb5 a6 14. Bd3 b5 15. a4 b4
16. Qb3 Bb7 17. a5 Qe7 18. O-O O-O 19. Rad1 Rab8 20. Rfe1 Kh8 21. g3 Rfc8 22.
Rc1 Qd8 23. Qa4 Kg8 24. Nb3 Rxc1 25. Rxc1 Rc8 26. Qa1 Rxc1+ 27. Qxc1 Qc8 28. Qf1
g6 29. Ne5 Bxe5 30. dxe5 Ndc5 31. Nxc5 Nxc5 32. Be2 Qc6 33. Bd4 Ne4 34. Qb1 Nc3
35. Qb2 Nxe2+ 36. Qxe2 Qc4 37. Qb2 Kf7 38. h3 Bc6 39. g4 Bb5 40. Qb1 f4 41. Qd1
fxe3 42. fxe3 Ke6 43. Qe1 b3 44. Qh4 Qc1+ 45. Kh2 Qd2+ 46. Kg1 Qd1+ 47. Kh2 Qe2+
48. Kh1 Qf3+ 49. Kh2 Bd3 50. Qf6+ Qxf6 51. exf6 g5 52. Kg3 h6 53. Kf2 Be4 54.
Bc3 Kd7 55. Kf1 Bg6 56. Ke1 Kc6 57. Ke2 Kb5 58. Kd2 Kc4 59. Bd4 Kb4 60. Bc3+ Kc5
61. Be5 Kc6 62. Ke1 Kd7 63. Bd4 Be4 64. Kf2 Kd6 65. Kf1 Ke6 66. Kf2 Bd3 67. Ke1
Bb5 68. Kf2 Kf7 69. Kf3 Bf1 70. Kg3 Kg6 71. Bb2 Bb5 72. Kf3 Bd7 73. Bd4 Be6 74.
e4 dxe4+ 75. Kxe4 Bc4 76. Kf3 Kf7 77. Kf2 Ke6 78. Bc3 Kd6 79. Kf3 Bd5+ 80. Kf2
Kc5 81. Ke3 Kc4 82. Kd2 Bf7 83. Bb2 Bg6 84. Ba3 Kd4 85. Kc1 Ke5 86. Bf8 h5 87.
gxh5 Bxh5 88. Kb2 Bf7 89. Bb4 Kxf6 90. Bd2 Be6 91. Be3 Bxh3 92. Bxg5+ 1/2-1/2

[Event "13th EICC"]
[Site "Plovdiv BUL"]
[Date "2012.03.28"]
[Round "8.88"]
[White "Sedlak, Nikola"]
[Black "Smirnov, Artem"]
[Result "1-0"]
[WhiteTitle "GM"]
[BlackTitle "IM"]
[WhiteElo "2593"]
[BlackElo "2436"]
[WhiteFideId "922900"]
[BlackFideId "4143256"]
[EventDate "2012.03.20"]
[EventType "swiss"]

1. c4 Nf6 2. Nc3 e5 3. Nf3 Nc6 4. d3 g6 5. g3 Bg7 6. Bg2 O-O 7. O-O d6 8. Rb1 h6
9. b4 a6 10. a4 Nd4 11. Nd2 Nh7 12. b5 axb5 13. cxb5 h5 14. Nc4 h4 15. b6 c6 16.
Ba3 d5 17. Nd6 hxg3 18. hxg3 Ng5 19. e3 Nde6 20. Nxc8 Qxc8 21. Bxf8 Qxf8 22. e4
dxe4 23. dxe4 Qc5 24. Qd7 Qxc3 25. Qxb7 Rf8 26. Qe7 Nf3+ 27. Kh1 Nd2 28. b7 Nxb1
29. Rxb1 Rb8 30. Qd6 Rxb7 31. Rxb7 Qe1+ 32. Kh2 Qxf2 33. Qd1 Qe3 34. a5 Qh6+ 35.
Bh3 Ng5 36. Qf1 Nxh3 37. Qxf7+ Kh7 38. Qxg7+ 1-0

[Event "13th EICC"]
[Site "Plovdiv BUL"]
[Date "2012.03.28"]
[Round "8.89"]
[White "Damljanovic, Branko"]
[Black "Indjic, Aleksandar"]
[Result "1/2-1/2"]
[WhiteTitle "GM"]
[WhiteElo "2582"]
[BlackElo "2430"]
[WhiteFideId "900125"]
[BlackFideId "911925"]
[EventDate "2012.03.20"]
[EventType "swiss"]

1. Nf3 g6 2. e4 c5 3. d4 cxd4 4. Qxd4 Nf6 5. Nc3 Nc6 6. Qa4 d6 7. e5 dxe5 8.
Nxe5 Bd7 9. Nxd7 Nxd7 10. Bb5 Bg7 11. Bxc6 bxc6 12. O-O O-O 13. Qxc6 Rc8 14. Qa4
Bxc3 15. bxc3 Qc7 16. Bh6 Rfe8 17. h3 Nb6 18. Qa6 Nc4 19. Rab1 Rb8 20. Rb4 Rec8
21. Rd1 Rd8 22. Rd3 Nd6 23. Bf4 Rxb4 24. cxb4 Qxc2 25. a3 Qe2 26. g3 Kg7 27.
Bxd6 exd6 28. Qc4 Rc8 29. Qd4+ Kg8 30. Rd1 Rc3 31. Ra1 Qe5 32. Qxe5 dxe5 33. Kf1
Rb3 34. Re1 Rxa3 35. Rxe5 Rb3 36. Rb5 a5 37. Rxa5 Rxb4 38. h4 h5 39. Kg2 Kg7 40.
Ra2 Rb7 1/2-1/2

[Event "13th EICC"]
[Site "Plovdiv BUL"]
[Date "2012.03.28"]
[Round "8.90"]
[White "Ernst, Sipke"]
[Black "Ledger, Andrew J"]
[Result "1-0"]
[WhiteTitle "GM"]
[BlackTitle "IM"]
[WhiteElo "2578"]
[BlackElo "2424"]
[WhiteFideId "1004689"]
[BlackFideId "400610"]
[EventDate "2012.03.20"]
[EventType "swiss"]

1. d4 d5 2. c4 e6 3. Nf3 c6 4. e3 Bd6 5. Nc3 f5 6. Ne5 Nf6 7. f4 O-O 8. Be2 b6
9. O-O Bb7 10. cxd5 exd5 11. Qc2 Ne4 12. Nxe4 fxe4 13. Bd2 c5 14. Bg4 Qe7 15.
dxc5 Bxe5 16. fxe5 Nc6 17. cxb6 Nxe5 18. Be2 axb6 19. Qb3 Qe6 20. Bc3 Rxf1+ 21.
Rxf1 Nd7 22. Bd4 Ba6 23. Bxa6 Rxa6 24. Qc3 Ra8 25. Bxg7 Rxa2 26. Bh8 Qh6 27.
Qc8+ Nf8 28. Bd4 Qd6 29. Bxb6 Rxb2 30. Rxf8+ Qxf8 31. Qg4+ Kf7 32. Qf5+ Kg8 33.
Qg5+ Kf7 34. Qxd5+ Kg6 35. Qe6+ 1-0

[Event "13th EICC"]
[Site "Plovdiv BUL"]
[Date "2012.03.28"]
[Round "8.94"]
[White "Rapport, Richard"]
[Black "Baltag, Iulian"]
[Result "1-0"]
[WhiteTitle "GM"]
[BlackTitle "IM"]
[WhiteElo "2559"]
[BlackElo "2420"]
[WhiteFideId "738590"]
[BlackFideId "13901419"]
[EventDate "2012.03.20"]
[EventType "swiss"]

1. d4 d5 2. c4 c6 3. Nf3 Nf6 4. Nc3 dxc4 5. a4 Bf5 6. e3 e6 7. Bxc4 Bb4 8. O-O
Nbd7 9. Qe2 Bg6 10. e4 Bxc3 11. bxc3 Nxe4 12. Ba3 Nb6 13. Bb3 Qc7 14. a5 Nd7 15.
a6 b6 16. Qe3 O-O-O 17. Rac1 Nd6 18. Nd2 Nf6 19. Ba4 Kb8 20. Bxd6 Rxd6 21. Nc4
Rdd8 22. Ne5 b5 23. Bb3 Nd5 24. Qg3 Ne7 25. Rfe1 f6 26. Nxg6 Qxg3 27. hxg3 Nxg6
28. Rxe6 Kc7 29. c4 bxc4 30. Rxc4 Rd6 31. Re3 Rb8 32. f4 Kd7 33. Bc2 Ne7 34. g4
g6 35. Rh3 Rb5 36. Rxh7 f5 37. gxf5 gxf5 38. Ba4 Rb1+ 39. Kh2 Ke6 40. Rc5 Re1
41. Bb3+ Kd7 42. d5 Kc7 43. dxc6 Rxc6 44. Rxf5 Rcc1 45. Rff7 Kd6 46. Rh6+ Kc5
47. Re6 Rh1+ 48. Kg3 Nc6 49. Rc7 Kb6 50. Rc8 Rc3+ 51. Kg4 1-0

[Event "13th EICC"]
[Site "Plovdiv BUL"]
[Date "2012.03.28"]
[Round "8.97"]
[White "Cornette, Matthieu"]
[Black "Novkovic, Milan"]
[Result "1-0"]
[WhiteTitle "GM"]
[BlackTitle "IM"]
[WhiteElo "2545"]
[BlackElo "2381"]
[WhiteFideId "620084"]
[BlackFideId "1613103"]
[EventDate "2012.03.20"]
[EventType "swiss"]

1. c4 e5 2. g3 Nf6 3. Bg2 Nc6 4. Nc3 Bb4 5. Nd5 O-O 6. Nf3 Bd6 7. O-O Nxd5 8.
cxd5 Ne7 9. e4 c5 10. d3 Bc7 11. a4 b6 12. Nd2 d6 13. f4 exf4 14. gxf4 Ng6 15.
Nc4 f6 16. b3 a6 17. Qh5 Qe8 18. Kh1 Bd7 19. Bb2 b5 20. axb5 axb5 21. Ne3 Rxa1
22. Bxa1 Ne7 23. Qf3 Qa8 24. f5 Kh8 25. Qg3 Ng8 26. Bf3 Qa3 27. Rg1 Rf7 28. Bh5
Re7 29. Ng4 Qxb3 30. Nxf6 Nxf6 31. Bxf6 1-0

[Event "13th EICC"]
[Site "Plovdiv BUL"]
[Date "2012.03.28"]
[Round "8.98"]
[White "Zoler, Dan"]
[Black "Tate, Alan"]
[Result "1/2-1/2"]
[WhiteTitle "GM"]
[BlackTitle "FM"]
[WhiteElo "2541"]
[BlackElo "2350"]
[WhiteFideId "2800705"]
[BlackFideId "2401878"]
[EventDate "2012.03.20"]
[EventType "swiss"]

1. d4 Nf6 2. c4 c5 3. d5 b5 4. cxb5 a6 5. bxa6 g6 6. Nc3 Bxa6 7. Nf3 Bg7 8. g3
d6 9. Bg2 Nbd7 10. O-O Nb6 11. Ne1 O-O 12. Nc2 Nfd7 13. a4 Nc4 14. Na3 Ndb6 15.
Qc2 Nxa3 16. Rxa3 Nc4 17. Ra2 Qa5 18. Nb1 Rfb8 19. b3 Ne5 20. Ra3 Qb6 21. Be3
Rb7 22. h3 Qd8 23. f4 Nd7 24. Bf3 c4 25. bxc4 Rc8 26. Nd2 Rb2 27. Qd3 Qa5 28.
Rd1 Nc5 29. Bxc5 Qxc5+ 30. Kg2 Qb4 31. Rb3 Rxb3 32. Qxb3 Qxb3 33. Nxb3 Rxc4 34.
Na5 Rxa4 35. Nc6 Bf6 36. Rb1 Kg7 37. Rb8 Ra2 38. Kf2 Rd2 39. Rb4 Rd1 40. h4 Bc8
41. e4 Rd2+ 42. Ke3 Rb2 43. Rxb2 Bxb2 44. Nxe7 Bh3 45. Nc6 f6 46. Be2 Kf7 47.
Kf3 h5 48. Kf2 Bd7 49. f5 Ba3 50. g4 hxg4 51. Bxg4 Kg7 52. Kf3 gxf5 53. Bxf5 Be8
54. Nd4 Bh5+ 55. Kf4 Bb2 56. Ne6+ Kh6 57. Bg4 Be8 58. Kf3 Be5 59. Nf4 Ba4 60.
Nd3 Bh2 61. Ke3 Bg3 1/2-1/2

[Event "13th EICC"]
[Site "Plovdiv BUL"]
[Date "2012.03.28"]
[Round "8.99"]
[White "Givon, Asaf"]
[Black "Michalik, Peter"]
[Result "0-1"]
[WhiteTitle "FM"]
[BlackTitle "GM"]
[WhiteElo "2340"]
[BlackElo "2529"]
[WhiteFideId "2801841"]
[BlackFideId "14907526"]
[EventDate "2012.03.20"]
[EventType "swiss"]

1. e4 c6 2. d4 d5 3. Nd2 dxe4 4. Nxe4 Bf5 5. Nc5 e5 6. Nxb7 Qb6 7. Nc5 exd4 8.
Nb3 Bb4+ 9. Bd2 Nf6 10. Bxb4 Qxb4+ 11. Qd2 Qe7+ 12. Qe2 Bxc2 13. Qxe7+ Kxe7 14.
Nxd4 Be4 15. f3 Rd8 16. Nge2 Bg6 17. Rc1 Nd5 18. a3 Nb6 19. b3 Rd6 20. g4 N8d7
21. Rxc6 Re8 22. Kd2 Rd5 23. Bg2 Kf8 24. Rd1 Nc5 25. Ke1 Bd3 26. Rd2 Ba6 27. Kd1
Bxe2+ 28. Nxe2 Rxd2+ 29. Kxd2 Nxb3+ 0-1

[Event "13th EICC"]
[Site "Plovdiv BUL"]
[Date "2012.03.28"]
[Round "8.100"]
[White "Malikentzos, Sotirios"]
[Black "Miron, Lucian-Costin"]
[Result "1/2-1/2"]
[WhiteTitle "FM"]
[BlackTitle "IM"]
[WhiteElo "2307"]
[BlackElo "2518"]
[WhiteFideId "4215079"]
[BlackFideId "1210920"]
[EventDate "2012.03.20"]
[EventType "swiss"]

1. d4 Nf6 2. c4 g6 3. Nf3 Bg7 4. g3 O-O 5. Bg2 d6 6. O-O c6 7. Nc3 Qb6 8. b3 e5
9. dxe5 dxe5 10. Be3 Qa5 11. Bd2 Qc7 12. Qc1 Re8 13. Bh6 Bh8 14. e4 Na6 15. h3
Nc5 16. Qc2 Ne6 17. Rad1 a5 18. Bc1 Nd7 19. Ba3 Ndc5 20. Qc1 b6 21. Ng5 Nd4 22.
Bxc5 bxc5 23. Qe3 Bg7 24. Nf3 Bd7 25. Na4 Bf8 26. Ne1 f5 27. exf5 gxf5 28. Qg5+
Kh8 29. Nd3 Qa7 30. Qf6+ Bg7 31. Qd6 Bf8 32. Qf6+ Bg7 33. Qd6 Bf8 34. Qf6+ 1/2-1/2

[Event "13th EICC"]
[Site "Plovdiv BUL"]
[Date "2012.03.28"]
[Round "8.101"]
[White "Djukic, Nikola"]
[Black "Ali Marandi, Cemil Can"]
[Result "1-0"]
[WhiteTitle "GM"]
[BlackTitle "FM"]
[WhiteElo "2513"]
[BlackElo "2315"]
[WhiteFideId "922412"]
[BlackFideId "6300529"]
[EventDate "2012.03.20"]
[EventType "swiss"]

1. e4 e6 2. d4 d5 3. Nc3 Nf6 4. e5 Nfd7 5. f4 c5 6. Nf3 Nc6 7. Be3 Be7 8. Qd2
O-O 9. Be2 a6 10. O-O b5 11. a3 Bb7 12. Nd1 Rc8 13. c3 Na5 14. Qe1 Nc4 15. Bf2
cxd4 16. cxd4 Qa5 17. b4 Qc7 18. Bd3 Rfe8 19. Bh4 Nf8 20. Bxe7 Qxe7 21. Ne3 Qd8
22. Ng4 Ng6 23. Qg3 Nb2 24. Bxg6 fxg6 25. h4 Na4 26. h5 Nc3 27. Rae1 Ne4 28. Qh2
gxh5 29. Qxh5 Rf8 30. Rxe4 g6 31. Qh6 dxe4 32. Ng5 Qxd4+ 33. Kh2 Qd7 34. Nf6+
Rxf6 35. exf6 Rf8 36. f7+ Rxf7 37. Nxf7 Qxf7 38. Qg5 Bd5 39. Rc1 Qd7 40. Rc5 Qd6
41. Qf6 Qd7 42. Qe5 Qd8 43. Kg3 h5 44. Rc7 h4+ 45. Kh2 Qf8 46. Qg5 1-0

[Event "13th EICC"]
[Site "Plovdiv BUL"]
[Date "2012.03.28"]
[Round "8.103"]
[White "Kourousis, Epaminondas"]
[Black "Berescu, Alin-Mile"]
[Result "0-1"]
[BlackTitle "GM"]
[WhiteElo "2284"]
[BlackElo "2494"]
[WhiteFideId "4211626"]
[BlackFideId "1204920"]
[EventDate "2012.03.20"]
[EventType "swiss"]

1. d4 d5 2. c4 e6 3. Nf3 c6 4. e3 Nf6 5. b3 Nbd7 6. Bb2 Bd6 7. Nbd2 O-O 8. Bd3
b6 9. O-O Bb7 10. Qe2 Qe7 11. Ne5 c5 12. f4 cxd4 13. exd4 Bb4 14. Rad1 g6 15.
Ndf3 Ne4 16. Nxd7 Qxd7 17. a3 Bd6 18. Ne5 Qe7 19. b4 f6 20. Ng4 f5 21. c5 fxg4
22. cxd6 Nxd6 23. Qxg4 Qf6 24. Rde1 Rae8 25. Re5 Nf7 26. Re3 Bc8 27. Qe2 Bd7 28.
Rg3 Rc8 29. Qh5 Kg7 30. Rff3 Rh8 31. h4 Rc7 32. Rf2 Rhc8 33. Qg4 Rf8 34. h5 Nh6
35. Qe2 Be8 36. hxg6 Bxg6 37. Rff3 Kh8 38. Bxg6 hxg6 39. Rh3 Kg7 40. Rfg3 Nf7
41. Rg4 Rg8 42. Rhg3 Kf8 43. b5 Nd6 44. Re3 Kf7 45. Re5 Nf5 46. Rg5 Rgc8 47. Qf3
Rc2 48. Qb3 Qh8 49. Rxd5 Rc1+ 50. Bxc1 Rxc1+ 51. Kf2 Qh4+ 52. Rg3 Qxf4+ 0-1

[Event "13th EICC"]
[Site "Plovdiv BUL"]
[Date "2012.03.28"]
[Round "8.106"]
[White "Roiz, Michael"]
[Black "Kanter, Eduard"]
[Result "1-0"]
[WhiteTitle "GM"]
[BlackTitle "IM"]
[WhiteElo "2652"]
[BlackElo "2394"]
[WhiteFideId "2804158"]
[BlackFideId "4103963"]
[EventDate "2012.03.20"]
[EventType "swiss"]

1. Nf3 c5 2. c4 Nf6 3. d4 cxd4 4. Nxd4 a6 5. Nc3 d5 6. Nf3 dxc4 7. Qxd8+ Kxd8 8.
Ne5 Be6 9. g3 Nfd7 10. Nf3 f6 11. Bg2 Nc6 12. Be3 Ke8 13. O-O-O Rc8 14. Rd2 g6
15. Rhd1 h5 16. Nd4 Nxd4 17. Bxd4 Rc7 18. Nd5 Bxd5 19. Bxd5 e5 20. Bc3 Rh7 21.
e3 Bc5 22. Kb1 Re7 23. h3 Nb6 24. Bg2 Red7 25. Ba5 Rxd2 26. Rxd2 Ke7 27. g4 hxg4
28. hxg4 Ke8 29. Be4 Rg7 30. Rc2 Nc8 31. Rxc4 Nd6 32. Rxc5 Nxe4 33. Rc8+ Kf7 34.
f3 Ng5 35. f4 exf4 36. exf4 Ne6 37. Rb8 b5 38. Rb7+ Ke8 39. Rb6 Nxf4 40. Rxf6
Nd5 41. Rxa6 g5 42. Ra8+ Kf7 43. Ra7+ Kg6 44. Rxg7+ Kxg7 45. Bd2 Kg6 46. Kc2 Nf6
47. Kb3 Nd5 48. a3 Kh6 49. Kc2 Nf6 50. Kc3 Ne4+ 51. Kb4 Nxd2 52. Kxb5 Nf3 53. a4
Ne5 54. a5 Nxg4 55. a6 Ne3 1-0

[Event "13th EICC"]
[Site "Plovdiv BUL"]
[Date "2012.03.28"]
[Round "8.107"]
[White "Kotronias, Vasilios"]
[Black "Schachinger, Mario"]
[Result "1-0"]
[WhiteTitle "GM"]
[BlackTitle "FM"]
[WhiteElo "2597"]
[BlackElo "2391"]
[WhiteFideId "5900212"]
[BlackFideId "1616773"]
[EventDate "2012.03.20"]
[EventType "swiss"]

1. e4 c6 2. d4 d5 3. Nc3 dxe4 4. Nxe4 Bf5 5. Ng3 Bg6 6. h4 h6 7. Nf3 Nd7 8. h5
Bh7 9. Bd3 Bxd3 10. Qxd3 e6 11. Bd2 Ngf6 12. O-O-O Be7 13. Qe2 O-O 14. Nf1 c5
15. g4 cxd4 16. g5 hxg5 17. Bxg5 Qa5 18. Kb1 Nc5 19. h6 Na4 20. Rxd4 Nxb2 21.
hxg7 Rfd8 22. Rh8+ Kxg7 23. Rhxd8 Rxd8 24. Rxd8 Na4 25. Bh6+ Kxh6 26. Qd2+ Qxd2
27. Rxd2 Nc3+ 28. Kb2 Nce4 29. Re2 Bc5 30. N1d2 Nxf2 31. Nb3 Bb6 32. c4 N6e4 33.
Ne5 f5 34. Kc2 Kg5 35. Nd7 f4 36. c5 f3 37. Re1 Bc7 38. Nd4 Kg4 39. Rb1 Nh3 40.
Nxf3 Kxf3 41. Rxb7 Bd8 42. Rxa7 Nf4 43. Ne5+ Ke2 44. Nf7 Bf6 45. c6 Nd5 46. c7
Nd2 47. Rb7 Ne3+ 48. Kc1 Be7 49. Rb3 1-0

[Event "13th EICC"]
[Site "Plovdiv BUL"]
[Date "2012.03.28"]
[Round "8.108"]
[White "Sulskis, Sarunas"]
[Black "Abdulov, Orkhan"]
[Result "1/2-1/2"]
[WhiteTitle "GM"]
[BlackTitle "IM"]
[WhiteElo "2596"]
[BlackElo "2387"]
[WhiteFideId "12800112"]
[BlackFideId "13402714"]
[EventDate "2012.03.20"]
[EventType "swiss"]

1. e4 e5 2. Nf3 Nc6 3. Bb5 a6 4. Ba4 Nge7 5. Nc3 d6 6. a3 b5 7. Bb3 Ng6 8. d3
Nd4 9. Nxd4 exd4 10. Ne2 c5 11. O-O Be6 12. Bxe6 fxe6 13. f4 Qd7 14. f5 exf5 15.
exf5 Ne5 16. Nf4 O-O-O 17. a4 b4 18. Ne6 Re8 19. c3 g6 20. cxd4 cxd4 21. Bf4
gxf5 22. Rc1+ Kb8 23. Nxd4 Qa7 24. Be3 Qb7 25. Qb3 h5 26. Rxf5 Bh6 27. Bxh6 Rxh6
28. Rg5 Qb6 29. Qd5 Nxd3 30. a5 Qc5 31. Rf1 Rf6 32. g3 Rxf1+ 33. Kxf1 Qc1+ 34.
Kg2 Re2+ 35. Kh3 Re8 36. Kg2 Qxb2+ 37. Kh3 Nf2+ 38. Kh4 Re4+ 39. Kxh5 Qxd4 40.
Rg8+ Kc7 41. Qf7+ Kc6 42. Rc8+ Kb5 43. Rb8+ Kc5 44. Rc8+ Kb5 45. Rb8+ 1/2-1/2

[Event "13th EICC"]
[Site "Plovdiv BUL"]
[Date "2012.03.28"]
[Round "8.109"]
[White "Fedorovsky, Michael"]
[Black "Manolache, Marius"]
[Result "0-1"]
[WhiteTitle "IM"]
[BlackTitle "GM"]
[WhiteElo "2395"]
[BlackElo "2561"]
[WhiteFideId "14105454"]
[BlackFideId "1201530"]
[EventDate "2012.03.20"]
[EventType "swiss"]

1. d4 d6 2. c4 Nf6 3. Nf3 g6 4. Nc3 Bg7 5. e4 O-O 6. Be2 Bg4 7. Be3 Nfd7 8. Rc1
c5 9. d5 Na6 10. O-O Nc7 11. h3 Bxf3 12. Bxf3 a6 13. a4 Re8 14. Re1 e6 15. Qd2
exd5 16. exd5 Ne5 17. Be2 f5 18. a5 Qh4 19. Na4 Nf7 20. Bf1 g5 21. g3 Qh6 22.
Kh2 Ne5 23. Be2 Bf6 24. Kg2 Ng6 25. Qd3 f4 26. Bd2 Ne5 27. Qf5 Rf8 28. gxf4 Be7
29. Qe4 gxf4 30. Kh2 Qh4 31. Rg1+ Kh8 32. Bc3 Bf6 33. Ra1 Rae8 34. Qf5 Ng6 35.
Rg4 Bxc3 36. Qxg6 Qe7 37. Qh6 Bg7 38. Rxg7 Qxg7 39. Qh5 Rxe2 0-1

[Event "13th EICC"]
[Site "Plovdiv BUL"]
[Date "2012.03.28"]
[Round "8.111"]
[White "Stefansson, Hannes"]
[Black "Janev, Tihomir"]
[Result "1-0"]
[WhiteTitle "GM"]
[BlackTitle "FM"]
[WhiteElo "2531"]
[BlackElo "2382"]
[WhiteFideId "2300087"]
[BlackFideId "2910110"]
[EventDate "2012.03.20"]
[EventType "swiss"]

1. d4 Nf6 2. c4 e6 3. Nf3 d5 4. g3 Bb4+ 5. Bd2 Be7 6. Bg2 O-O 7. O-O dxc4 8. Qc2
a6 9. Qxc4 b5 10. Qc2 Bb7 11. Rd1 Be4 12. Qc1 Nbd7 13. Ba5 Ra7 14. Nbd2 Bd5 15.
b4 Qa8 16. Qc2 Ne4 17. Nf1 Nd6 18. Ne3 Be4 19. Qc3 Nb6 20. Ne5 Bxg2 21. Nxg2
Ndc4 22. Bxb6 cxb6 23. Nxc4 Rc8 24. Nge3 bxc4 25. a4 b5 26. Nc2 Rcc7 27. Ra2 Qe4
28. Rda1 bxa4 29. f3 Qb7 30. Rxa4 h5 31. Ra5 Qb6 32. Rxh5 f5 33. e4 g6 34. Rh6
Kg7 35. Rh3 a5 36. bxa5 Qb3 37. Qd2 g5 38. exf5 Qd3 39. Qf2 Qxf5 40. g4 Qf4 41.
Qe2 Bf6 42. Qe4 Qxe4 43. fxe4 Rd7 44. e5 Bd8 45. Rc3 Rxa5 46. Rxa5 Bxa5 47. Rxc4
Bd2 48. Kf2 Rb7 49. Rc6 Kf7 50. Na3 Ke7 51. Nc4 Bf4 52. Nb6 Bxh2 53. Kg2 Bf4 54.
Kf3 Kf7 55. Ke4 Ra7 56. d5 exd5+ 57. Kf5 d4 58. Nc8 Ra5 59. Nd6+ Ke7 60. Nc4 Rd5
61. Re6+ Kf8 62. Ke4 Rd8 63. Nb2 Be3 64. Nd3 Rc8 65. Ra6 Ke7 66. Kf5 Rf8+ 67.
Ke4 Rb8 68. Ra7+ Ke8 69. Nc5 Bf4 70. Nd7 Rb5 71. Nf6+ Kf8 72. Kf5 Bxe5 73. Nd7+
Ke8 74. Nxe5 d3 75. Ra2 1-0

[Event "13th EICC"]
[Site "Plovdiv BUL"]
[Date "2012.03.28"]
[Round "8.112"]
[White "Alonso Rosell, Alvar"]
[Black "Nestorovic, Lazar"]
[Result "1-0"]
[WhiteTitle "IM"]
[BlackTitle "IM"]
[WhiteElo "2513"]
[BlackElo "2374"]
[WhiteFideId "2270544"]
[BlackFideId "937517"]
[EventDate "2012.03.20"]
[EventType "swiss"]

1. d4 Nf6 2. c4 e6 3. Nc3 Bb4 4. a3 Bxc3+ 5. bxc3 b6 6. f3 Bb7 7. e4 d6 8. Bd3
Nbd7 9. Ne2 Nf8 10. Ng3 h5 11. O-O h4 12. Ne2 Ng6 13. Qc2 e5 14. f4 Qe7 15. f5
Nf8 16. c5 N8d7 17. Qa4 c6 18. cxd6 Qxd6 19. Rd1 O-O 20. h3 Rfe8 21. Qc2 c5 22.
dxc5 Nxc5 23. Bb5 Qc7 24. Bxe8 Rxe8 25. Bg5 Bxe4 26. Qa2 Qc6 27. Nc1 Bxf5 28.
Qf2 Qe6 29. Bxh4 Nfe4 30. Qe3 Nd6 31. Qe2 Qg6 32. a4 Nde4 33. Qf3 Ne6 34. Ne2
N4c5 35. Kh2 Bc2 36. Rd6 f5 37. Rg1 Qh6 38. Bf2 Ng5 39. Qc6 Qh5 40. Ng3 Qf7 41.
Bxc5 bxc5 42. Rd7 Qe6 43. Qxe6+ Rxe6 44. Rc1 Bxa4 45. Rxa7 Bc6 46. Nxf5 1-0

[Event "13th EICC"]
[Site "Plovdiv BUL"]
[Date "2012.03.28"]
[Round "8.113"]
[White "Kabanov, Nikolai"]
[Black "Filev, Georgi"]
[Result "1-0"]
[WhiteTitle "GM"]
[BlackTitle "FM"]
[WhiteElo "2502"]
[BlackElo "2372"]
[WhiteFideId "4127820"]
[BlackFideId "2907500"]
[EventDate "2012.03.20"]
[EventType "swiss"]

1. Nf3 c5 2. c4 Nc6 3. Nc3 e5 4. g3 g6 5. Bg2 Bg7 6. a3 Nge7 7. O-O O-O 8. b4 d5
9. cxd5 Nxd5 10. Bb2 Nxc3 11. Bxc3 c4 12. Qc2 Be6 13. e3 f6 14. Rfd1 Qb6 15. Ne1
Rfd8 16. d3 cxd3 17. Nxd3 Bf8 18. Qb2 Rac8 19. Rac1 Nb8 20. h3 Nd7 21. g4 Bh6
22. a4 a6 23. b5 axb5 24. a5 Qa7 25. Qxb5 Rc7 26. Bb4 Rxc1 27. Rxc1 Qa6 28. Qxa6
bxa6 29. Rc6 Nf8 30. Bxf8 Bxf8 31. Rxe6 Kf7 32. Rxa6 Rxd3 33. Ra7+ Be7 34. a6
Rd1+ 35. Kh2 Ra1 36. Bd5+ Ke8 37. Bc4 g5 38. Rb7 Bc5 39. Rxh7 Be7 40. Kg2 e4 41.
Bb5+ Kd8 42. Rh8+ Kc7 43. Re8 Kd6 44. Rc8 Ra5 45. Bc4 Kd7 46. Rb8 Bc5 47. Rb7+
Kd8 48. Rb8+ Kd7 49. Rb2 Kc7 50. Rb7+ Kd8 51. Rb5 Rxb5 52. Bxb5 Kc7 53. h4 gxh4
54. Kh3 Kb6 55. Bf1 Bb4 56. Kxh4 Be1 57. Kg3 Ka7 58. Kf4 Bxf2 59. Kxe4 Kb6 60.
Kf5 1-0

[Event "13th EICC"]
[Site "Plovdiv BUL"]
[Date "2012.03.28"]
[Round "8.116"]
[White "Jianu, Vlad-Cristian"]
[Black "Laurusas, Tomas"]
[Result "1-0"]
[WhiteTitle "GM"]
[WhiteElo "2497"]
[BlackElo "2360"]
[WhiteFideId "1208110"]
[BlackFideId "12803731"]
[EventDate "2012.03.20"]
[EventType "swiss"]

1. Nf3 Nf6 2. c4 c6 3. d4 d5 4. e3 Bg4 5. h3 Bxf3 6. Qxf3 e6 7. Bd3 Nbd7 8. O-O
Bd6 9. Nc3 O-O 10. Bd2 Qe7 11. Rae1 dxc4 12. Bxc4 e5 13. g4 e4 14. Qg2 b5 15.
Bb3 b4 16. Ne2 Rae8 17. Ng3 Bxg3 18. Qxg3 Rc8 19. Rc1 h6 20. Rc2 a5 21. Rfc1 c5
22. Qf4 Rcd8 23. Rxc5 Nxc5 24. Rxc5 Nh7 25. Re5 Qh4 26. Rh5 Qe7 27. Re5 Qh4 28.
Qxe4 Ng5 29. Qg2 Rfe8 30. Rxa5 Nxh3+ 31. Kf1 Ng5 32. Bxb4 Rc8 33. Bc3 Ne4 34.
Ra7 Re7 35. Bxf7+ Kh8 36. Rxe7 Qxe7 37. Bg6 Nxc3 38. bxc3 Qe6 39. Bf5 Qa6+ 40.
Kg1 Rxc3 41. Qd5 Qc4 42. Qa8+ Qg8 43. Qa6 Rc1+ 44. Kg2 Ra1 45. a4 Qe8 46. a5 Ra2
47. Kg3 Qb8+ 48. Kf3 Qe8 49. e4 h5 50. g5 h4 51. g6 h3 52. Qd6 Rxa5 53. Kg3 Rb5
54. Kxh3 Rb3+ 55. Kg2 Qb8 56. Qe7 1-0

[Event "13th EICC"]
[Site "Plovdiv BUL"]
[Date "2012.03.28"]
[Round "8.117"]
[White "Grigorov, Grigor"]
[Black "Sarbok, Torsten"]
[Result "1-0"]
[WhiteTitle "GM"]
[BlackTitle "FM"]
[WhiteElo "2489"]
[BlackElo "2349"]
[WhiteFideId "2907313"]
[BlackFideId "4630068"]
[EventDate "2012.03.20"]
[EventType "swiss"]

1. Nf3 d5 2. d4 Nf6 3. c4 dxc4 4. e3 e6 5. Bxc4 c5 6. O-O cxd4 7. exd4 Be7 8.
Nc3 O-O 9. Bg5 Nc6 10. a3 Nd5 11. Bxd5 exd5 12. Bxe7 Nxe7 13. Qb3 b6 14. Rfe1
Kh8 15. Rac1 Rb8 16. a4 Rb7 17. Qa3 Be6 18. Ng5 Bg4 19. Nb5 Rd7 20. Qg3 Bh5 21.
Qh3 Bg6 22. Nf3 f6 23. Qg3 Be4 24. Nd2 Nf5 25. Qc3 a6 26. Nc7 Nxd4 27. Nxa6 Nf5
28. Nc7 Rg8 29. Ne6 Qa8 30. Qh3 Nh6 31. Qb3 Qb7 32. Nd4 Nf5 33. Qb4 Nxd4 34.
Qxd4 Bg6 35. Re6 Rc7 36. Rce1 Rb8 37. h4 Bf7 38. R6e3 Rbc8 39. b3 h6 40. Nf3 b5
41. a5 b4 42. Ra1 Qb5 43. a6 Ra8 44. Qf4 Qb8 45. Rae1 Qd8 46. Qxb4 Rxa6 47. Nd4
Kh7 48. Qd2 Rb6 49. Rg3 Qf8 50. Qf4 Rbb7 51. h5 Re7 52. Rxe7 Rxe7 53. Nf5 Re1+
54. Kh2 Re4 55. Qc7 Re5 56. Rxg7+ Qxg7 57. Nxg7 Kxg7 58. Qd7 Rxh5+ 59. Kg1 d4
60. b4 Rd5 61. Qg4+ Kf8 62. Qf4 Kg7 63. Qd2 d3 64. b5 Rxb5 65. Qxd3 Rd5 66. Qg3+
Rg5 67. Qc7 h5 68. f4 Rd5 69. Qc3 Rb5 70. Qg3+ Kh7 71. Qd3+ 1-0